مكتبة جامعة عجلون الوطنية

فهرس بحث المكتبة

معجم مصطلحات واعلام في الفكر والزخرفة والعمارة الإسلامية / (Record no. 33769)

MARC details
000 -LEADER
fixed length control field 00739nam a22001937a 4500
003 - CONTROL NUMBER IDENTIFIER
control field JO-AjAnu
005 - DATE AND TIME OF LATEST TRANSACTION
control field 20241019120432.0
008 - FIXED-LENGTH DATA ELEMENTS--GENERAL INFORMATION
fixed length control field 241019b jo ||||| |||| 00| 0 ara d
020 ## - INTERNATIONAL STANDARD BOOK NUMBER
International Standard Book Number 5-41-608-9957-978
040 ## - CATALOGING SOURCE
Transcribing agency JO-AjAnu
041 ## - LANGUAGE CODE
Language code of text/sound track or separate title ARA
100 #1 - MAIN ENTRY--PERSONAL NAME
Personal name الألوسي، صفا لطفي
9 (RLIN) 66335
Relator term مؤلف
245 ## - TITLE STATEMENT
Title معجم مصطلحات واعلام في الفكر والزخرفة والعمارة الإسلامية /
Statement of responsibility, etc. صفا لطفي الألوسي
250 ## - EDITION STATEMENT
Edition statement الطبعة الاولى
260 ## - PUBLICATION, DISTRIBUTION, ETC.
Place of publication, distribution, etc. عمان :
Name of publisher, distributor, etc. الدار المنهجية للنشر والتوزيع،
Date of publication, distribution, etc. 2017
300 ## - PHYSICAL DESCRIPTION
Extent 158 صفحة
650 70 - SUBJECT ADDED ENTRY--TOPICAL TERM
Topical term or geographic name entry element التراجم- العمارة الاسلامية- الفنون
9 (RLIN) 66340
942 ## - ADDED ENTRY ELEMENTS (KOHA)
Source of classification or shelving scheme Library of Congress Classification
Koha item type Reference
Suppress in OPAC No
Holdings
Withdrawn status Lost status Source of classification or shelving scheme Damaged status Not for loan Home library Current library Date acquired Total Checkouts Full call number Barcode Date last seen Price effective from Koha item type
    Library of Congress Classification     مكتبة جامعة عجلون الوطنية مكتبة جامعة عجلون الوطنية 19/10/2024   N6260 .A88 2017 A30099 19/10/2024 19/10/2024 Reference